| 000 | 00340 a2200133 4500 | ||
|---|---|---|---|
| 005 | 20250628094108.0 | ||
| 020 | _a9780273753872 | ||
| 100 | _aHORNGREN, C | ||
| 245 | _aCost Accounting: A Managerial Emphasis | ||
| 250 | _a14th Ed. | ||
| 260 |
_aHarlow _bPearson Education Limited _c2012 |
||
| 700 | _aDATAR, S.M; RAJAN, M.V | ||
| 942 |
_2ddc _cBKS |
||
| 999 |
_c5929 _d5929 |
||